| 000 | 01000nam a22002895a 4500 | ||
|---|---|---|---|
| 003 | EG-ScBUE | ||
| 005 | 20211128135045.0 | ||
| 008 | 170923s2015 ua f 000 f ara d | ||
| 017 | _a2014 / 20302 | ||
| 020 | _a9789776451889 | ||
| 040 |
_aEG-ScBUE _bara _erda _cEG-ScBUE _dEG-ScBUE |
||
| 082 | 0 | 4 |
_a892.737 _bع ط و _222 |
| 100 | 1 |
_aعطوة، تامر، _eمؤلف. |
|
| 245 | 1 | 0 |
_aشقة الهرم : _bرواية رعب / _cتامر عطوة. |
| 250 | _aالطبعة الأولى. | ||
| 264 | 1 |
_aالقاهرة : _bسما للنشر والتوزيع، _c2015. |
|
| 300 |
_a327 صفحة ؛ _c20 سم |
||
| 336 |
_2rdacontent _aنص _btxt |
||
| 337 |
_2rdamedia _aبدون وسيط _bn |
||
| 338 |
_2rdacarrier _aمجلد _bnc |
||
| 541 |
_cإهداء ؛ _aد. مصطفى محمود كامل سعد الدين. |
||
| 650 | 7 |
_aالقصص العربية _zمصر _yقرن 21. _2BUEsh |
|
| 651 | _2BUEsh | ||
| 653 |
_bARALIT _bGGEN _cSeptember2017 |
||
| 655 |
_vReading book _934232 |
||
| 942 | _2ddc | ||
| 999 |
_c25452 _d25424 |
||